000
00233nam a2200085Ia 4500
008
220204s9999 xx 000 0 und d
245
0
_a
Potash Research Institute of India Annual Report 1986-87
260
_a
Haryana
_c
1986-87
942
_c
BK
999
_c
43603
_d
43603